Harmonic maps and morphisms from the tangent bundle

Elmentve itt :
Bibliográfiai részletek
Szerzők: Bejan Cornelia-Livia
Binh Tran Quoc
Dokumentumtípus: Cikk
Megjelent: 2000
Sorozat:Acta scientiarum mathematicarum 66 No. 1-2
Kulcsszavak:Matematika
Online Access:http://acta.bibl.u-szeged.hu/15813
LEADER 00671nab a2200193 i 4500
001 acta15813
005 20210326133139.0
008 161015s2000 hu o 0|| eng d
022 |a 0001-6969 
040 |a SZTE Egyetemi Kiadványok Repozitórium  |b hun 
041 |a eng 
100 1 |a Bejan Cornelia-Livia 
245 1 0 |a Harmonic maps and morphisms from the tangent bundle  |h [elektronikus dokumentum] /  |c  Bejan Cornelia-Livia 
260 |c 2000 
300 |a 385-401 
490 0 |a Acta scientiarum mathematicarum  |v 66 No. 1-2 
695 |a Matematika 
700 0 1 |a Binh Tran Quoc  |e aut 
856 4 0 |u http://acta.bibl.u-szeged.hu/15813/1/math_066_numb_001_002_385-401.pdf  |z Dokumentum-elérés